From which EU Countries People Travel Abroad the most? - Statistics

General Stats
  • This quiz has been taken 131 times
  • The average score is 9 of 10
Answers on the Map
Answers color-coded by a green-red scale on the quiz's map according to % correct below.
 
Answer Stats
Heavy Travelers % Correct
Germany
97%
Sweden
96%
France
95%
Finland
93%
Denmark
91%
Netherlands
90%
Ireland
86%
Austria
84%
Luxembourg
78%
Czech Republic
72%
No matching quizzes found
Score Distribution
Percent of People with Each Score
Percentile by Number Answered
Your Score History
You have not taken this quiz